[Event "II Open Oro Caffe'"]
[Site "Udine ITA"]
[Date "2009.07.10"]
[Round "5"]
[White "Pecchiari, Alberto"]
[Black "Venuti, Federico"]
[Result "0-1"]
[WhiteElo "1425"]
[BlackElo "1718"]
[PlyCount "54"]
[EventDate "2009.07.06"]

1. e4 e6 2. d3 d5 3. Nd2 c5 4. Ngf3 Nc6 5. g3 Nf6 6. Bg2 Be7 7. O-O O-O 8. Re1
dxe4 9. dxe4 e5 10. h3 Qc7 11. c3 h6 12. Qc2 Be6 13. Nh4 Rfd8 14. Nf5 Bf8 15.
b3 Rac8 16. Nf1 b5 17. Qe2 b4 18. Qf3 bxc3 19. Nxh6+ gxh6 20. Qxf6 Bg7 21. Qh4
Qe7 22. Qxe7 Nxe7 23. Be3 c4 24. b4 Nc6 25. b5 Nd4 26. Bxd4 exd4 27. Rac1 d3
0-1

[Event "II Open Oro Caffe'"]
[Site "Udine ITA"]
[Date "2009.07.10"]
[Round "5"]
[White "Piasentin, Oscar"]
[Black "Santacroce, Fidel"]
[Result "0-1"]
[WhiteElo "1455"]
[BlackElo "1583"]
[PlyCount "60"]
[EventDate "2009.07.06"]

1. e4 c5 2. Nc3 g6 3. Bc4 Nc6 4. a4 Bg7 5. d3 Nf6 6. Nge2 d6 7. h3 O-O 8. O-O
e6 9. Be3 Qa5 10. Bd2 Qd8 11. Bg5 h6 12. Bf4 d5 13. exd5 exd5 14. Ba2 a6 15.
Qd2 Kh7 16. Rad1 Nb4 17. Bb1 Be6 18. d4 c4 19. Ng3 Qb6 20. Be5 Nc6 21. f4 Nxe5
22. fxe5 Nd7 23. Kh1 Qxb2 24. Ba2 Qb6 25. Nce2 Rac8 26. Rb1 Qc6 27. Nc3 f6 28.
Rbd1 fxe5 29. dxe5 Bxe5 30. Rxf8 Rxf8 0-1

[Event "II Open Oro Caffe'"]
[Site "Udine ITA"]
[Date "2009.07.10"]
[Round "5"]
[White "Picco, Ruggero"]
[Black "Viola, Enrico"]
[Result "1-0"]
[WhiteElo "2082"]
[BlackElo "1614"]
[PlyCount "67"]
[EventDate "2009.07.06"]

1. e4 e5 2. Nf3 Nf6 3. Nc3 Nc6 4. d4 exd4 5. Nxd4 Bb4 6. Nxc6 bxc6 7. Bd3 O-O
8. O-O d5 9. e5 Ng4 10. Bf4 Qe7 11. a3 Bc5 12. Na4 Nxf2 13. Rxf2 Bxf2+ 14. Kxf2
Qh4+ 15. g3 Qxh2+ 16. Kf3 h5 17. Qh1 Bg4+ 18. Ke3 d4+ 19. Kxd4 Qf2+ 20. Kc3
Rad8 21. Qg1 Qf3 22. Qe3 Qd5 23. Qe4 Qa5+ 24. Qb4 Qd5 25. Qc5 Qf3 26. Qc4 Bf5
27. Nc5 Bxd3 28. Nxd3 Rd5 29. Re1 Rb5 30. Qe4 Qxe4 31. Rxe4 a5 32. a4 Rb6 33.
Rc4 f6 34. e6 1-0

[Event "II Open Oro Caffe'"]
[Site "Udine ITA"]
[Date "2009.07.10"]
[Round "5"]
[White "Tiengo, Davide"]
[Black "Bisaro, Andrea"]
[Result "1-0"]
[WhiteElo "2118"]
[BlackElo "1702"]
[PlyCount "63"]
[EventDate "2009.07.06"]

1. d4 Nf6 2. Nf3 g6 3. c4 c5 4. d5 d6 5. Nc3 Bg7 6. e4 O-O 7. Be2 Na6 8. O-O
Nc7 9. Qc2 Ng4 10. a4 e5 11. Bg5 f6 12. Bd2 f5 13. Ra3 f4 14. a5 g5 15. Rc1 Bf6
16. Na2 h5 17. Ne1 Qe8 18. b4 Qg6 19. bxc5 Nxf2 20. Kxf2 g4 21. cxd6 f3 22.
Nxf3 gxf3 23. Bxf3 Bh4+ 24. g3 Bg4 25. Rg1 Bxf3 26. Rxf3 Rxf3+ 27. Kxf3 Qg4+
28. Kg2 Na6 29. Be3 Kg7 30. Nc3 Bxg3 31. hxg3 h4 32. Qf2 1-0

[Event "II Open Oro Caffe'"]
[Site "Udine ITA"]
[Date "2009.07.10"]
[Round "5"]
[White "Tonon, Alessandro"]
[Black "Pagnutti, Lorenzo"]
[Result "1/2-1/2"]
[WhiteElo "2248"]
[BlackElo "2104"]
[PlyCount "48"]
[EventDate "2009.07.06"]

1. Nf3 Nf6 2. b3 b6 3. Bb2 Bb7 4. e3 e6 5. c4 c5 6. d4 d5 7. cxd5 exd5 8. Bb5+
Bc6 9. Bd3 Be7 10. Ne5 O-O 11. Nd2 Bb7 12. O-O Nbd7 13. Qf3 cxd4 14. exd4 Bb4
15. Rad1 Rc8 16. Qh3 g6 17. Ndf3 Nxe5 18. dxe5 Nh5 19. Qg4 Bc3 20. Ba3 Re8 21.
Bf5 Rc6 22. Be4 Rce6 23. Bf5 Rc6 24. Be4 Rce6 1/2-1/2

[Event "II Open Oro Caffe'"]
[Site "Udine ITA"]
[Date "2009.07.10"]
[Round "5"]
[White "Trento, Giacomo"]
[Black "Gabassi, Francesco"]
[Result "1-0"]
[WhiteElo "1588"]
[BlackElo "1888"]
[PlyCount "87"]
[EventDate "2009.07.06"]

1. e4 c5 2. Nf3 Nc6 3. d4 cxd4 4. Nxd4 g6 5. c4 Bg7 6. Nc2 Qa5+ 7. Bd2 Qb6 8.
Nc3 Nf6 9. Rb1 O-O 10. Be2 d6 11. O-O Be6 12. Nd5 Bxd5 13. exd5 Nd4 14. Be3
Nxe2+ 15. Qxe2 Qc7 16. Nd4 a6 17. b4 Qd7 18. Nb3 Ne4 19. Bd4 Bxd4 20. Qxe4 Bf6
21. c5 e6 22. dxe6 fxe6 23. cxd6 Qxd6 24. Nc5 Rae8 25. Qxb7 Bd4 26. Ne4 Qf4 27.
Rbd1 e5 28. Qd5+ Kh8 29. Rd3 Rd8 30. Nd6 Qf6 31. Rf3 Qxd6 32. Qxd6 Rxd6 33.
Rxf8+ Kg7 34. Rc8 Rb6 35. Rb1 a5 36. b5 a4 37. Ra8 Rf6 38. Rxa4 Bxf2+ 39. Kh1
Bd4 40. Rxd4 exd4 41. b6 Rf8 42. b7 Rb8 43. Kg1 Kf6 44. a4 1-0

[Event "II Open Oro Caffe'"]
[Site "Udine ITA"]
[Date "2009.07.11"]
[Round "6"]
[White "Bisaro, Andrea"]
[Black "Del Forno Sinicco, Michele"]
[Result "1-0"]
[WhiteElo "1702"]
[BlackElo "1535"]
[PlyCount "81"]
[EventDate "2009.07.06"]

1. d4 Nf6 2. c4 e6 3. Nc3 Bb4 4. e3 c5 5. a3 Bxc3+ 6. bxc3 b6 7. f3 O-O 8. Bd3
Bb7 9. e4 h6 10. d5 e5 11. Ne2 d6 12. O-O Nbd7 13. Ng3 Re8 14. f4 exf4 15. Bxf4
Ne5 16. Bxe5 Rxe5 17. Qf3 Qe7 18. Nf5 Qf8 19. Nxh6+ gxh6 20. Qxf6 Qg7 21. Rf3
Qxf6 22. Rxf6 Rae8 23. Raf1 R8e7 24. Rxh6 Rxe4 25. Bxe4 Rxe4 26. Rxd6 Re7 27.
Rd8+ Kg7 28. d6 Re2 29. Rd1 Rxg2+ 30. Kf1 Rxh2 31. Ke1 Be4 32. Rd2 Rh1+ 33. Kf2
Bf5 34. Ra8 Rh2+ 35. Ke3 Rh3+ 36. Kf4 Be6 37. Rxa7 Rh4+ 38. Kg3 Rxc4 39. d7
Rxc3+ 40. Kf2 Bxd7 41. Raxd7 1-0

[Event "II Open Oro Caffe'"]
[Site "Udine ITA"]
[Date "2009.07.11"]
[Round "6"]
[White "Bozza, Stefano"]
[Black "Picco, Ruggero"]
[Result "1-0"]
[WhiteElo "1560"]
[BlackElo "2082"]
[PlyCount "193"]
[EventDate "2009.07.06"]

1. e4 e5 2. Nf3 Nc6 3. Bc4 Be7 4. Nc3 Nf6 5. d3 h6 6. Be3 d6 7. h3 Be6 8. Bb3
Bxb3 9. axb3 O-O 10. O-O a6 11. Nh2 d5 12. exd5 Nxd5 13. Nxd5 Qxd5 14. Qf3 Qe6
15. Rfe1 f5 16. Bd2 Bd6 17. Qe3 Rae8 18. Bc3 Qg6 19. Qd2 Re7 20. Re2 Kh8 21.
Rae1 e4 22. dxe4 fxe4 23. Ng4 h5 24. Ne3 Ref7 25. Rf1 Nd8 26. Nc4 Bc5 27. Ne5
Qd6 28. Qxd6 Bxd6 29. Nxf7+ Nxf7 30. Rxe4 Kh7 31. Bb4 c5 32. Bc3 Ng5 33. Ree1
Rf5 34. h4 Nf7 35. Re6 Bf8 36. Rb6 Nd8 37. Rd1 Be7 38. g3 Rf7 39. b4 cxb4 40.
Bxb4 Bxb4 41. Rxb4 Nc6 42. Re4 g6 43. Kg2 Kg7 44. f3 Kh6 45. g4 hxg4 46. fxg4
Kh7 47. Kg3 Kg7 48. c3 Kh7 49. Re2 Kg7 50. g5 Kh7 51. Rf2 Re7 52. Rdf1 Kg7 53.
Rf3 Rd7 54. Re3 Rc7 55. b4 Rd7 56. Rfe1 Kf7 57. Rf3+ Kg7 58. Kg4 Rc7 59. h5
gxh5+ 60. Kxh5 Rd7 61. Ree3 Rc7 62. Rf5 Rd7 63. Ref3 Nd8 64. g6 Re7 65. Kg5
Ne6+ 66. Kh5 Nd8 67. c4 Rc7 68. R3f4 Re7 69. b5 axb5 70. cxb5 Rc7 71. b6 Re7
72. Rc4 Nc6 73. Rf7+ Rxf7 74. gxf7 Na5 75. Rf4 Kf8 76. Kg6 Nc6 77. Re4 Ne5+ 78.
Kf5 Nxf7 79. Rf4 Ke7 80. Rd4 Nd6+ 81. Ke5 Nc8 82. Rb4 Kd7 83. Kd5 Ne7+ 84. Kc5
Nc6 85. Rh4 Nd8 86. Kd5 Nc6 87. Rh7+ Ne7+ 88. Ke5 Kd8 89. Ke6 Ng6 90. Rxb7 Nf4+
91. Kd6 Kc8 92. Rh7 Nd3 93. Kc6 Ne5+ 94. Kb5 Nd3 95. Ka6 Nb4+ 96. Ka7 Nc6+ 97.
Ka8 1-0

[Event "II Open Oro Caffe'"]
[Site "Udine ITA"]
[Date "2009.07.11"]
[Round "6"]
[White "Brunello, Roberta"]
[Black "Capaliku, Aleks"]
[Result "1-0"]
[WhiteElo "1956"]
[BlackElo "2093"]
[PlyCount "75"]
[EventDate "2009.07.06"]

1. e4 e5 2. Nf3 Nc6 3. d4 exd4 4. Nxd4 Bc5 5. Be3 Nxd4 6. Bxd4 Bxd4 7. Qxd4 Qf6
8. Qc3 d6 9. Bb5+ c6 10. Bxc6+ bxc6 11. Qxc6+ Kd8 12. Qxa8 Qxb2 13. O-O Qxa1
14. Qxa7 Ne7 15. Rd1 Ke8 16. Qc7 f6 17. Nc3 Qb2 18. Nd5 Qb7 19. Qxd6 Kf7 20. c4
Be6 21. c5 Rc8 22. Nf4 Qxe4 23. a4 Rc6 24. Qd2 Rxc5 25. Re1 Rc2 26. Qd1 Bg4 27.
f3 Bxf3 28. gxf3 Qxa4 29. Qd6 Qa7+ 30. Kh1 Qc7 31. Qe6+ Kf8 32. Qe4 Kf7 33.
Qxh7 Rc5 34. Ne6 Qa5 35. Qxg7+ Ke8 36. Qf8+ Kd7 37. Nxc5+ Qxc5 38. Qxf6 1-0

[Event "II Open Oro Caffe'"]
[Site "Udine ITA"]
[Date "2009.07.11"]
[Round "6"]
[White "Capizzi, Biagio"]
[Black "Tiengo, Davide"]
[Result "1/2-1/2"]
[WhiteElo "1849"]
[BlackElo "2118"]
[PlyCount "53"]
[EventDate "2009.07.06"]

1. d4 Nf6 2. c4 g6 3. Nc3 Bg7 4. e4 d6 5. f3 O-O 6. Be3 Nc6 7. Nge2 e5 8. d5
Ne7 9. Qd2 Ne8 10. g4 f5 11. gxf5 gxf5 12. Bg5 f4 13. Rg1 Kh8 14. Nc1 h6 15.
Bh4 Bf6 16. Bf2 Rg8 17. Nd3 Rxg1 18. Bxg1 Bh4+ 19. Bf2 Ng6 20. O-O-O Bxf2 21.
Qxf2 Qh4 22. Qg2 Qh5 23. Be2 Bh3 24. Qf2 Qh4 25. Rg1 Qh5 26. Kd2 Kh7 27. a3
1/2-1/2

[Event "II Open Oro Caffe'"]
[Site "Udine ITA"]
[Date "2009.07.11"]
[Round "6"]
[White "Clarini, Ivo"]
[Black "Muradore, Aldo"]
[Result "1-0"]
[WhiteElo "1829"]
[BlackElo "1487"]
[PlyCount "116"]
[EventDate "2009.07.06"]

1. d4 d5 2. c4 e6 3. Nc3 Nf6 4. Bg5 Be7 5. Nf3 Nbd7 6. e3 c5 7. cxd5 Nxd5 8.
Bxe7 Qxe7 9. Be2 Nxc3 10. bxc3 cxd4 11. cxd4 O-O 12. O-O Nf6 13. Qb3 b6 14. Ne5
Bb7 15. f3 Bd5 16. Qa4 Rac8 17. Rfc1 Rc7 18. Ba6 Qd6 19. Rxc7 Qxc7 20. Qa3 Rb8
21. Rc1 Qd8 22. Rc3 b5 23. Qc1 Ne8 24. Rc5 b4 25. Rxd5 exd5 26. Nc6 Qc7 27. Qc5
Rb6 28. Ne7+ Kh8 29. Nc6 Nd6 30. Nxb4 Qxc5 31. dxc5 Rxb4 32. cxd6 Rb6 33. d7
Rd6 34. Bb5 f6 35. Kf2 g5 36. Ke2 Kg7 37. Kd3 h6 38. Kd4 Kf7 39. g3 Ke7 40. h3
Rb6 41. Kc5 Rd6 42. f4 gxf4 43. gxf4 Ke6 44. Bc6 f5 45. Kd4 Ke7 46. Bxd5 Kxd7
47. Ke5 Rb6 48. Kxf5 Ke7 49. e4 Rf6+ 50. Kg4 Rg6+ 51. Kh5 Rg3 52. h4 Rg1 53.
Kxh6 Rg4 54. f5 Rxh4+ 55. Kg5 Rh7 56. f6+ Kf8 57. e5 Rd7 58. Bb3 Rd2 1-0

[Event "II Open Oro Caffe'"]
[Site "Udine ITA"]
[Date "2009.07.11"]
[Round "6"]
[White "Damia, Angelo"]
[Black "Fantini, Marco"]
[Result "1-0"]
[WhiteElo "2291"]
[BlackElo "2012"]
[PlyCount "54"]
[EventDate "2009.07.06"]

1. e4 e6 2. d4 d5 3. Nc3 Nf6 4. e5 Nfd7 5. Qh5 c5 6. Nf3 Be7 7. Bg5 a6 8. Bd3
cxd4 9. Bxe7 Qxe7 10. Nxd4 Nc6 11. Nxc6 bxc6 12. O-O a5 13. f4 g6 14. Qe2 Nc5
15. Qf2 Nxd3 16. cxd3 Ba6 17. Rfd1 O-O 18. Na4 Qb4 19. Nc5 Rfd8 20. Rac1 a4 21.
a3 Qa5 22. Qd4 Bb5 23. Nb7 Qc7 24. Nxd8 Qxd8 25. Rf1 Qh4 26. Rf3 g5 27. Rg3 Kh8
1-0

[Event "II Open Oro Caffe'"]
[Site "Udine ITA"]
[Date "2009.07.11"]
[Round "6"]
[White "Gaspardo, Francesco"]
[Black "Bove, Alessandro"]
[Result "0-1"]
[WhiteElo "1978"]
[BlackElo "2305"]
[PlyCount "111"]
[EventDate "2009.07.06"]

1. e4 c5 2. Nf3 Nc6 3. d4 cxd4 4. Nxd4 Nf6 5. Nc3 d6 6. Bg5 e6 7. f4 a6 8. Qd2
Bd7 9. O-O-O h6 10. Bh4 g5 11. fxg5 Ng4 12. Be2 Nge5 13. Rhf1 Nxd4 14. Qxd4
hxg5 15. Bg3 Qc7 16. Qf2 Rh7 17. Bxe5 dxe5 18. Qg3 O-O-O 19. Kb1 Be7 20. Rf3
Bc6 21. Rxd8+ Bxd8 22. Rd3 Qe7 23. Bg4 Kb8 24. h3 Bc7 25. Qf2 Rh8 26. a3 Rd8
27. Rxd8+ Bxd8 28. Qe3 Qd6 29. Qd3 Qxd3 30. cxd3 Bb6 31. Kc2 Kc7 32. Kd2 Kd6
33. Ke2 Bd4 34. Kd2 a5 35. Kc2 Bd7 36. Bf3 Kc5 37. b3 b5 38. Ne2 Be3 39. Kb2
Bc8 40. Kc2 Ba6 41. Ng3 Bc8 42. Bg4 Kd6 43. Ne2 Bc5 44. Kb2 Ba6 45. Nc1 Bd4+
46. Kc2 Be3 47. Ne2 Bc5 48. Kb2 b4 49. axb4 Bxb4 50. Kc2 Bb5 51. Nc3 Bc6 52.
Na4 Be1 53. Nc3 Kc5 54. Ne2 Kb4 55. Kb2 Bf2 56. Bf3 0-1

[Event "II Open Oro Caffe'"]
[Site "Udine ITA"]
[Date "2009.07.11"]
[Round "6"]
[White "Laco, Giuseppe"]
[Black "Trento, Giacomo"]
[Result "1-0"]
[WhiteElo "2135"]
[BlackElo "1588"]
[PlyCount "77"]
[EventDate "2009.07.06"]

1. c4 e6 2. a3 d5 3. e3 c5 4. Nf3 Nf6 5. b3 Nc6 6. Bb2 Qb6 7. d3 dxc4 8. dxc4
Na5 9. Nbd2 Bd7 10. Ne5 Ba4 11. Bc3 Bc6 12. Bxa5 Qxa5 13. Nxc6 bxc6 14. Qc2 Rd8
15. Be2 Be7 16. Ra2 O-O 17. O-O Qc7 18. h3 e5 19. Rb2 a5 20. Bf3 Nd7 21. Qe4
Rc8 22. g4 g6 23. Qc2 f5 24. gxf5 gxf5 25. e4 f4 26. Bg4 f3 27. Nxf3 Nf6 28.
Bf5 Nh5 29. Rd1 Rxf5 30. exf5 Nf4 31. f6 Bxf6 32. Kh1 Rf8 33. Qf5 Bg7 34. Qd7
Qb6 35. Rg1 Rf7 36. Qe8+ Rf8 37. Qxe5 Ng6 38. Qe6+ Kh8 39. Ng5 1-0

[Event "II Open Oro Caffe'"]
[Site "Udine ITA"]
[Date "2009.07.11"]
[Round "6"]
[White "Licandro, Michele"]
[Black "Piasentin, Oscar"]
[Result "0-1"]
[WhiteElo "1523"]
[BlackElo "1455"]
[PlyCount "77"]
[EventDate "2009.07.06"]

1. d4 Nf6 2. Nf3 d5 3. e3 g6 4. Nbd2 Bg7 5. Bd3 O-O 6. Ne5 Nbd7 7. Ndf3 Nxe5 8.
Nxe5 Nd7 9. Nf3 e5 10. dxe5 Nxe5 11. O-O Nxd3 12. Qxd3 Bf5 13. Qb3 Rb8 14. c3
c5 15. Qb5 Qc7 16. Qe2 Rfe8 17. Nh4 Bd7 18. Nf3 a6 19. Rd1 Bc6 20. Rb1 Rbd8 21.
b3 b5 22. Bb2 f5 23. Rbc1 f4 24. Rc2 fxe3 25. c4 d4 26. fxe3 Rxe3 27. Qf2 Bxf3
28. gxf3 Bh6 29. cxb5 d3 30. Rcd2 Rde8 31. Rc1 Re2 32. Rxe2 Rxe2 33. Rxc5 Rxf2
34. Rxc7 Rxb2 35. b6 Be3+ 36. Kf1 Bxb6 37. Rd7 Rf2+ 38. Ke1 Rxf3 39. a4 0-1

[Event "II Open Oro Caffe'"]
[Site "Udine ITA"]
[Date "2009.07.11"]
[Round "6"]
[White "Lippi, Agostino"]
[Black "Fermo, Ruggero"]
[Result "1/2-1/2"]
[WhiteElo "1550"]
[BlackElo "1765"]
[PlyCount "97"]
[EventDate "2009.07.06"]

1. d4 Nf6 2. Bf4 d5 3. Nf3 e6 4. e3 c5 5. c3 Nc6 6. Nbd2 a6 7. Be2 h6 8. O-O
Be7 9. Ne5 O-O 10. h3 Nd7 11. Ndf3 c4 12. Nh2 Ndxe5 13. dxe5 f6 14. exf6 Bxf6
15. Ng4 e5 16. Nxf6+ Qxf6 17. Bg3 Be6 18. Bg4 Ne7 19. Bxe6+ Qxe6 20. Qe2 e4 21.
Rad1 b5 22. Qg4 Rf5 23. Rd2 h5 24. Qd1 Raf8 25. Qe2 R8f6 26. Bh4 g5 27. Bg3 Qf7
28. h4 g4 29. Qd1 Qe6 30. Bf4 Ng6 31. g3 Rf7 32. Re2 Nf8 33. Qd4 Ng6 34. Kg2
Ne7 35. Qa7 Qc8 36. Qb8 Qxb8 37. Bxb8 Nc6 38. Bf4 Rb7 39. Bd6 Kf7 40. Rd2 Ke6
41. Bc5 Ne5 42. b4 Nc6 43. Rfd1 Rd7 44. Bd4 Rf8 45. Bc5 Ra8 46. a3 Ne5 47. Ra2
Nd3 48. Bd4 Rb7 49. Rb1 1/2-1/2

[Event "II Open Oro Caffe'"]
[Site "Udine ITA"]
[Date "2009.07.11"]
[Round "6"]
[White "Okhotnik, Vladimir"]
[Black "Tonon, Alessandro"]
[Result "0-1"]
[WhiteElo "2449"]
[BlackElo "2248"]
[PlyCount "88"]
[EventDate "2009.07.06"]

1. e4 c5 2. Nf3 e6 3. d3 Nc6 4. g3 d5 5. Nbd2 Bd6 6. Bg2 Nge7 7. O-O O-O 8. c3
Bc7 9. Re1 b6 10. a3 a5 11. a4 Ba6 12. Bf1 Qd7 13. Qc2 Rad8 14. Ng5 h6 15. Ngf3
Ng6 16. Be2 f5 17. exd5 exd5 18. Bf1 Rf6 19. Bh3 Nge5 20. d4 cxd4 21. cxd4 Nd3
22. Re3 g5 23. Bf1 Ndb4 24. Qd1 Bxf1 25. Nxf1 f4 26. Rc3 fxg3 27. hxg3 Rdf8 28.
N1h2 Qh3 29. g4 Rxf3 30. Nxf3 Qxg4+ 31. Kf1 Qh3+ 32. Ke1 g4 33. Ne5 Qh1+ 34.
Ke2 Rxf2+ 35. Kxf2 Qxd1 36. Nxc6 g3+ 37. Kg2 Qe2+ 38. Kh3 Qe6+ 39. Kg2 Nxc6 40.
Be3 Qe4+ 41. Kh3 g2 42. Bf2 h5 43. Bg3 Bxg3 44. Kxg3 Nxd4 0-1

[Event "II Open Oro Caffe'"]
[Site "Udine ITA"]
[Date "2009.07.11"]
[Round "6"]
[White "Pagnutti, Lorenzo"]
[Black "Castellano, Alfonso"]
[Result "1/2-1/2"]
[WhiteElo "2104"]
[BlackElo "1952"]
[PlyCount "75"]
[EventDate "2009.07.06"]

1. e4 c5 2. c3 Nf6 3. e5 Nd5 4. d4 cxd4 5. cxd4 Nc6 6. Nf3 d6 7. Bc4 Nb6 8. Bb5
dxe5 9. Nxe5 Bd7 10. Nxd7 Qxd7 11. O-O e6 12. Nc3 Be7 13. Qg4 O-O 14. Bh6 Qxd4
15. Qxd4 Nxd4 16. Bf4 Nxb5 17. Nxb5 Nd5 18. Be5 a6 19. Nc3 Bf6 20. Bxf6 Nxf6
21. Rfd1 Rfd8 22. Kf1 Kf8 23. Ke2 Ke7 24. Rac1 Rxd1 25. Nxd1 Rd8 26. Ne3 Nd5
27. g3 e5 28. Rc5 Nxe3 29. Kxe3 Ke6 30. h4 h5 31. a4 Rd5 32. Rc7 Rd7 33. Rc4
Kd6 34. Rc1 Kd5 35. Rc3 b5 36. axb5 axb5 37. b4 Ke6 38. Rc6+ 1/2-1/2

[Event "II Open Oro Caffe'"]
[Site "Udine ITA"]
[Date "2009.07.11"]
[Round "6"]
[White "Pillon, Giovanni Pietro"]
[Black "Orsatti, Marcello"]
[Result "0-1"]
[WhiteElo "1500"]
[BlackElo "1973"]
[PlyCount "94"]
[EventDate "2009.07.06"]

1. d4 d5 2. c4 e6 3. Nc3 Nf6 4. Bg5 Nbd7 5. e3 Be7 6. cxd5 exd5 7. Bd3 O-O 8.
Qc2 h6 9. Bh4 c6 10. Nge2 Re8 11. O-O-O Nf8 12. h3 Be6 13. Nf4 Rc8 14. Kb1 Ne4
15. Bxe7 Nxc3+ 16. Qxc3 Qxe7 17. Rc1 Bd7 18. Rc2 Ne6 19. Nxe6 Bxe6 20. Be2 Qg5
21. g4 Qf6 22. Qe1 h5 23. Qg1 h4 24. Bd3 g5 25. Qh2 Qe7 26. f4 Bd7 27. fxg5
Qxe3 28. Qd2 Qxd2 29. Rxd2 Re3 30. Rhh2 Rce8 31. Kc2 Rg3 32. Rde2 Kg7 33. Rxe8
Bxe8 34. Bf5 Kf8 35. Kd2 a5 36. Bc8 b6 37. a3 Ke7 38. Bf5 Bd7 39. g6 Bxf5 40.
gxf5 fxg6 41. fxg6 Rxg6 42. Ke3 Rg3+ 43. Kf4 Kd6 44. b4 axb4 45. axb4 Rd3 46.
Kf5 Rxd4 47. Rg2 Rxb4 0-1

[Event "II Open Oro Caffe'"]
[Site "Udine ITA"]
[Date "2009.07.11"]
[Round "6"]
[White "Redo, Stefano"]
[Black "Naumkin, Igor"]
[Result "0-1"]
[WhiteElo "1943"]
[BlackElo "2481"]
[PlyCount "59"]
[EventDate "2009.07.06"]

1. e4 e6 2. d4 d5 3. Nc3 Bb4 4. Qg4 Nf6 5. Qxg7 Rg8 6. Qh6 c5 7. Nge2 dxe4 8.
Bd2 cxd4 9. Nxe4 Bxd2+ 10. Nxd2 Nc6 11. Nc4 e5 12. O-O-O Be6 13. Nxe5 Nxe5 14.
Nxd4 Qe7 15. Bb5+ Ned7 16. Nxe6 fxe6 17. Bxd7+ Nxd7 18. Qh5+ Rg6 19. Rd2 O-O-O
20. Rhd1 Rxg2 21. Qh3 Rg5 22. f4 Rgg8 23. f5 exf5 24. Qxf5 Qg5 25. Qh3 Kb8 26.
Qc3 Nf6 27. h4 Qf4 28. b3 Ne4 29. Qb4 Rxd2 30. Rxd2 0-1

[Event "II Open Oro Caffe'"]
[Site "Udine ITA"]
[Date "2009.07.11"]
[Round "6"]
[White "Santacroce, Fidel"]
[Black "Muzzolini, Claudio"]
[Result "1-0"]
[WhiteElo "1583"]
[BlackElo "1810"]
[PlyCount "75"]
[EventDate "2009.07.06"]

1. d4 d5 2. Bg5 Nd7 3. e3 Ngf6 4. Nc3 c6 5. Nf3 h6 6. Bxf6 Nxf6 7. a3 Bg4 8.
Be2 e6 9. O-O Bd6 10. h3 Bf5 11. Bd3 Ne4 12. Bxe4 dxe4 13. Ne5 h5 14. f3 Qg5
15. Qe2 Bxe5 16. dxe5 exf3 17. Qxf3 O-O-O 18. Ne4 Qg6 19. Nd6+ Rxd6 20. exd6
Bxc2 21. Qxf7 Qxf7 22. Rxf7 Rd8 23. d7+ Rxd7 24. Rxd7 Kxd7 25. Rf1 Ke7 26. h4
a5 27. Kh2 b5 28. Kg3 e5 29. Kf3 c5 30. Rc1 Bd3 31. Rxc5 Kf6 32. e4 a4 33. Rc6+
Kf7 34. g3 Ke7 35. Rg6 Kf7 36. Rg5 Kf6 37. Rxh5 Kg6 38. Rh8 1-0

[Event "II Open Oro Caffe'"]
[Site "Udine ITA"]
[Date "2009.07.11"]
[Round "6"]
[White "Tassinari, Luca"]
[Black "Cisilino, Oscar"]
[Result "1-0"]
[WhiteElo "1838"]
[BlackElo "1670"]
[PlyCount "85"]
[EventDate "2009.07.06"]

1. e4 d6 2. d4 Nf6 3. Bd3 c6 4. c4 Qb6 5. Ne2 Bg4 6. f3 Bh5 7. Nbc3 Nbd7 8. Na4
Qc7 9. O-O e5 10. d5 c5 11. Ng3 Be7 12. Nf5 Bf8 13. Nc3 a6 14. g4 Bg6 15. Ng3
Be7 16. Nge2 O-O 17. Be3 Ne8 18. a4 Qd8 19. Qd2 h6 20. Qc2 Bg5 21. Bf2 Bh4 22.
Ng3 Ndf6 23. Kg2 h5 24. h3 Nh7 25. gxh5 Bxg3 26. hxg6 fxg6 27. Bxg3 g5 28. Qf2
Nef6 29. Qe3 Nh5 30. Rh1 Nf4+ 31. Bxf4 gxf4 32. Qf2 Qg5+ 33. Kf1 Rf6 34. Ke2
Rh6 35. Rag1 Qe7 36. Qg2 Rf8 37. h4 Rff6 38. h5 Rf7 39. Qh3 Nf6 40. Qc8+ Kh7
41. Qf5+ Kh8 42. Rg6 Nxh5 43. Rxh6+ 1-0

[Event "II Open Oro Caffe'"]
[Site "Udine ITA"]
[Date "2009.07.11"]
[Round "6"]
[White "Viola, Enrico"]
[Black "Pecchiari, Alberto"]
[Result "1-0"]
[WhiteElo "1614"]
[BlackElo "1425"]
[PlyCount "53"]
[EventDate "2009.07.06"]

1. d4 d5 2. c4 e6 3. Nf3 Nf6 4. g3 Be7 5. Bg2 O-O 6. O-O c6 7. Nc3 Nbd7 8. Bf4
b6 9. Rc1 Bb7 10. Qa4 dxc4 11. Ne5 Nxe5 12. Bxe5 b5 13. Qc2 Nd5 14. a4 Qd7 15.
b3 Bb4 16. Na2 cxb3 17. Qxb3 Bd6 18. Bxd6 Qxd6 19. axb5 cxb5 20. Qxb5 Rab8 21.
Qd3 Rfd8 22. Rfd1 Rd7 23. e4 Nb4 24. Nxb4 Qxb4 25. Rb1 Qf8 26. Qb5 Bxe4 27.
Qxb8 1-0

[Event "II Open Oro Caffe'"]
[Site "Udine ITA"]
[Date "2009.07.11"]
[Round "6"]
[White "Visintin, Roberto"]
[Black "Venuti, Federico"]
[Result "1-0"]
[WhiteElo "2033"]
[BlackElo "1718"]
[PlyCount "81"]
[EventDate "2009.07.06"]

1. d4 e6 2. Nf3 d5 3. Bf4 c5 4. e3 Nc6 5. c3 Bd7 6. Nbd2 Nf6 7. Bd3 cxd4 8.
exd4 Be7 9. Ne5 a6 10. O-O O-O 11. Re1 Rc8 12. Qf3 Be8 13. Qh3 g6 14. Bh6 Bd7
15. Bxf8 Bxf8 16. Ndf3 Nh5 17. g3 Nxe5 18. Nxe5 Bc6 19. Qg4 Nf6 20. Qg5 Be7 21.
Qf4 Be8 22. a4 Kg7 23. a5 Nh5 24. Qf3 Kg8 25. Bc2 Nf6 26. h4 Nd7 27. Nxd7 Bxd7
28. h5 Bf6 29. Ba4 Bxa4 30. Rxa4 Kg7 31. Rb4 Rb8 32. Rb6 Be7 33. Qf4 Kg8 34.
hxg6 hxg6 35. Kg2 Bg5 36. Qg4 Kg7 37. Rh1 f5 38. Qe2 e5 39. Qxe5+ Bf6 40. Rxf6
Qxf6 41. Qxb8 1-0

[Event "II Open Oro Caffe'"]
[Site "Udine ITA"]
[Date "2009.07.11"]
[Round "6"]
[White "Zavagno, Matteo"]
[Black "Menon, Michele"]
[Result "0-1"]
[WhiteElo "1443"]
[BlackElo "1741"]
[PlyCount "52"]
[EventDate "2009.07.06"]

1. e4 d6 2. d4 Nf6 3. Nc3 c6 4. Nf3 Bg4 5. Be2 e6 6. Bf4 Be7 7. O-O O-O 8. Nd2
Bxe2 9. Qxe2 d5 10. Nb3 dxe4 11. Nxe4 Nbd7 12. c3 Nd5 13. Bg3 N7f6 14. Rfe1
Nxe4 15. Qxe4 Nf6 16. Qf3 a5 17. Nd2 c5 18. Nb3 b6 19. Rad1 c4 20. Nd2 b5 21.
Qb7 b4 22. Nxc4 bxc3 23. bxc3 Nd5 24. Rc1 Rc8 25. Nxa5 Qxa5 26. c4 Rxc4 0-1

[Event "II Open Oro Caffe'"]
[Site "Udine ITA"]
[Date "2009.07.11"]
[Round "6"]
[White "Zuttioni, Federico"]
[Black "Milazzo, Mario"]
[Result "0-1"]
[WhiteElo "1884"]
[BlackElo "2068"]
[PlyCount "50"]
[EventDate "2009.07.06"]

1. e4 e5 2. f4 exf4 3. Bc4 g5 4. h4 g4 5. d4 f3 6. Nxf3 d5 7. Bxd5 gxf3 8. O-O
Bg4 9. gxf3 Bh3 10. Bxb7 Bxf1 11. Kxf1 Nd7 12. Bxa8 Qxa8 13. Bf4 Qc6 14. b3 Bh6
15. Bg3 Ngf6 16. d5 Qc5 17. Qe2 Nh5 18. Bf2 Qd6 19. Ke1 Rg8 20. Nd2 Rg2 21. Nf1
Qb4+ 22. Kd1 Qc3 23. Rb1 Nf4 24. Qe3 Nxd5 25. Qxa7 Qxf3+ 0-1

[Event "II Open Oro Caffe'"]
[Site "Udine ITA"]
[Date "2009.07.12"]
[Round "7"]
[White "Capaliku, Aleks"]
[Black "Bozza, Stefano"]
[Result "1-0"]
[WhiteElo "2093"]
[BlackElo "1560"]
[PlyCount "85"]
[EventDate "2009.07.06"]

1. f4 d5 2. Nf3 Nf6 3. e3 Nc6 4. Bb5 Bd7 5. b3 a6 6. Bxc6 Bxc6 7. Ne5 Bd7 8.
O-O e6 9. Bb2 Be7 10. d3 Bc5 11. Qe2 Qe7 12. Nd2 O-O 13. Rae1 Rad8 14. g4 Bc8
15. g5 Nd7 16. Qh5 g6 17. Qh6 f5 18. Nxg6 Qf7 19. Nxf8 Bxf8 20. Qh4 Qg6 21. Nf3
Bg7 22. Bxg7 Kxg7 23. Kf2 Kf7 24. Rg1 b6 25. Rg3 Bb7 26. Rh3 Kg8 27. Qh6 Re8
28. d4 Re7 29. Rg1 Rg7 30. Qxg6 hxg6 31. Rh6 Kf7 32. Rg3 c5 33. Rgh3 Bc6 34.
Rh8 c4 35. Rc8 cxb3 36. cxb3 Bb5 37. Rhh8 Ke7 38. Rc7 Kd6 39. Ra7 a5 40. a4 Bc6
41. Ne5 b5 42. Rc8 Nxe5 43. fxe5# 1-0

[Event "II Open Oro Caffe'"]
[Site "Udine ITA"]
[Date "2009.07.12"]
[Round "7"]
[White "Castellano, Alfonso"]
[Black "Capizzi, Biagio"]
[Result "1-0"]
[WhiteElo "1952"]
[BlackElo "1849"]
[PlyCount "49"]
[EventDate "2009.07.06"]

1. c4 e6 2. g3 d5 3. Bg2 Nf6 4. Nf3 c6 5. O-O Be7 6. b3 O-O 7. Bb2 c5 8. Ne5
Qc7 9. Na3 a6 10. Rc1 d4 11. f4 Rd8 12. Nc2 Bd6 13. Nd3 Nc6 14. b4 cxb4 15.
Nxd4 Nxd4 16. Bxd4 Be7 17. e3 Bd7 18. Ne5 a5 19. g4 Bc6 20. Nxc6 bxc6 21. g5
Ne8 22. Qh5 g6 23. Qh4 Ng7 24. Rf3 Nf5 25. Qxh7+ 1-0